| 000 | 00893cab a2200205 4500 | ||
|---|---|---|---|
| 001 | WB3042-68 | ||
| 008 | 090401t1994 xxu||||| |||| 00| 0 eng d | ||
| 035 | _a(Sirsi) u80150 | ||
| 041 | _aeng | ||
| 245 | _aLaw of property | ||
| 260 | _c1994 | ||
| 350 | _a0 | ||
| 490 |
_aLord Chancellor`s Department Press Release _v(227/94) 7 November 1994 (2) |
||
| 520 | _aThe Law of Property (Miscellaneous Provisions) Act 1994 received Royal Assent on 3 November and will come into force on 1 July 1995. It introduces reforms to simplify the law of property in two areas - obligations known as implied covenants for title and certain technical legal problems in dealing with property after an owner`s death. | ||
| 650 | _aIMPLIED COVENANTS FOR TITLE | ||
| 650 | _aLAW OF PROPERTY (MISCELLANEOUS PROVISIONS) ACT 1994 | ||
| 690 | _aPROPERTY LAW AND PRACTICE | ||
| 942 | _n0 | ||
| 948 | _c04/03/1997 | ||
| 999 |
_c50450 _d50450 |
||